01286nas a2200385 4500001001300000003000900013005001700022007000300039008003400042040005400076041000900130072001800139100001900157100002000176100002200196100001800218245010500236650003000341650001100371650001300382650002300395650001900418650001800437650001600455650002100471650002100492650001800513650001100531650002200542773010200564909004000666942001800706999001900724952015700743BR2010002407BR-BrBNA20231205115344.0ta230509b bl.|||p| |||| 00| 00por d aBR-BrBNAbporcBiblioteca Nacional de Agricultura a(Pt) aJ11; F01; E701 aCoelho, S.R.M.1 aPrudencio, S.H.1 aNóbrega, L.H.P.1 aLeite, C.F.R.1 aAlterações no tempo de cozimento e textura dos grãos de feijão comum durante o armazenamento aPRODUTO DE ORIGEM VEGETAL aGRÃO aFEIJÃO aPHASEOLUS VULGARIS aPÓS-COLHEITA aARMAZENAMENTO aTEMPERATURA aUMIDADE RELATIVA aDETERIORAÇÃO aPROCESSAMENTO aCOCCAO aCONSUMO ALIMENTAR0 tCiência e Agrotecnologia (Brazil)x1413-7054g(Mar-Apr 2009), v. 33(2) p. 539-544wBR2010002407 a202311bLúciac55dLúcia Elande 2AGRISn0cANA c213374d213374 002AGRIS4071a41918b41918cPeriódicos Agrícolash(Mar-Apr 2009), v. 33(2) p. 539-544l0r2023-11-29t01yCRePortaria Interministerial nº 164/94